000 00589nam a2200181Ia 4500
008 100921s9999 xx 000 0 und d
082 _b32333
_a891.463 थ 99
100 _aदेसाई रणजित.
245 _aबारी.
260 _bमेहता प्रकाशन, पुणे.
_c1999
300 _a202
_bमयुरेष बुक एजन्सी,कराड
365 _b100
520 _aललित-कादंबरी.
630 _aबारी.
650 _aललित-कादंबरी.
730 _aबारी.
942 _cBOOK
999 _c781446
_d781443